Les 10 Meilleurs Buteurs Du PSG Depuis 1970 - Statistiques

Statistiques générales
  • Ce quiz a été pris 362 fois
  • Le résultat moyen est 6 sur 10
Statistiques - réponses
Ordre Poste Nationalité Joueur Nombre
De Buts
Nombre de Matchs
Joués avec le club
Saisons % Correct
1 A France KylianMbappé 256 308 2017 - 2024
99%
2 A Uruguay EdinsonCavani 200 301 2013 - 2020
98%
4 A Brésil Neymar 118 173 2017 - 2023
97%
3 A Suède ZlatanIbrahimovic 156 180 2012 - 2016
96%
5 A Portugal Pauleta 109 211 2003 - 2008
82%
8 A Argentine AngelDi Maria 93 295 2015 - 2022
79%
7 A Algérie MustaphaDahleb 98 309 1974 - 1984
28%
10 M Yougoslavie SafetSusic 85 345 1982 - 1991
26%
6 A France DominiqueRocheteau 100 255 1980 - 1987
22%
9 A Congo FrançoisM'Pelé 87 197 1973 - 1979
12%
Aucun quiz correspondant
Distribution des résultats
% des personnes avec chaque résultat
Percentile par nombre de réponses
Votre historique - résultats
Vous n’avez pas pris ce quiz